000 00382nam a2200133Ia 4500
005 20260326235447.0
008 260326s9999||||xx |||||||||||||| ||und||
100 _aAraluce, Mariano Benito
245 0 _aTeotihuacán :
_b Una interpretación Estética /
_cMariano Benito Araluce
260 _bUniversidad Autónoma Metropolitana
300 _a54 p.
650 _aHISTORIA
942 _cBK
999 _c7620
_d7620